| 000 | 00792nam a22002297a 4500 | ||
|---|---|---|---|
| 001 | 00003005 | ||
| 003 | DO-SdBNP | ||
| 005 | 20160504130214.0 | ||
| 007 | 00003005 | ||
| 008 | 160504b 2001 dr xxu||||| |||| 00| 0 spa d | ||
| 020 | _a9993410055 | ||
| 040 |
_aBPMSU _bspa _cBPMSU |
||
| 092 |
_axxxxx _bxxxxx |
||
| 100 | 1 | _aSosa, José Rafael | |
| 245 | 1 | 0 |
_aAnimación escolar : _bmanual de dinamización didáctica / _cJosé Rafael Sosa ; ilustración Cristinan Hernández. |
| 260 |
_aSanto Domingo : _bBuho, _c2001. |
||
| 300 |
_a70 p. : _bil. ; _c28 cm. |
||
| 500 | _aSobre la base de las reuniones celebradas en octubre de 2000 en Santo Domingo, República Dominicana. | ||
| 700 | 1 | 2 |
_aHernández, Cristinan, _eil. |
| 942 |
_2ddc _cBK |
||
| 956 |
_2LOPEREZ _310 _620160504 _8BPMSU _a00041 |
||
| 999 |
_c9987 _d9987 |
||